000
00199 a2200097 4500
020
_a
9780307355218
041
_a
spa
100
_a
Maria Sucarrat
245
_a
Vida sentimental de Eva Peron
942
_c
BK
999
_c
7380
_d
7380